000 004340000a22001690004500
003 MACL
005 20151227125130.0
008 151227b xxu||||| |||| 00| 0 eng d
040 _aMACL
_cmacl
041 _aEnglish
082 _a017
100 _aHyderabad
_923118
245 _aOsmania University College Library
_bCatalogue of books
260 _bHyderabad
_c1925
_aHyderabad
650 _aCatalogue
_923108
942 _cBK
_k017
_2ddc
999 _c38924
_d38924